| 000 | 00827nam a2200193 i 4500 | ||
|---|---|---|---|
| 001 | 185790 | ||
| 003 | ES-MaACL | ||
| 005 | 20230906222523.0 | ||
| 008 | 160810s1838 fr |||| | fre d | ||
| 245 | 0 | 0 |
_aChoix de chroniques et mémoires sur l'histoire de France. _n[12], _pMathieu de Coussy ; Chronique de 1444 à 1461. Jean de Troyes ; Chronique de Louis XI de 1461 à 1483. Guillaume Gruel ... [et al.] / _cavec notices biographiques par J.A C. Buchon. |
| 260 |
_aParis : _bA. Desrez, 1838. |
||
| 300 |
_aXXXVIII, 740 p. ; _c26 cm. |
||
| 490 | 1 | _aPanthéon littéraire. Littérature française | |
| 651 | 4 |
_aFrancia- _xHistoria- _vFuentes. _9160434 |
|
| 700 | 1 |
_aBuchon, Jean-Alexandre. _9126221 |
|
| 830 | 0 |
_aPanthéon littéraire. Littérature française _9192401 |
|
| 852 |
_aES-MaACL _jG-13581 |
||
| 999 |
_c185790 _d185790 |
||